000 00700cab a2200217 4500
001 ABS42954
008 090401t1990 xxu||||| |||| 00| 0 eng d
035 _a(Sirsi) u39705
041 _aeng
100 _aDubow, L.
245 _aAnglo-French property
260 _c1990
350 _a0
490 _aLaw Society`s Gazette
_v87(22) 13 June 1990, 28-31(2)
520 _aOutlines the development of the Solicitors Property Group `s involvement in the French property market and examines differences between French and English property law .
650 _aFRANCE
650 _aNOTAIRES
690 _aMANAGEMENT-BUSINESS MANAGEMENT-PROFESSIONAL PRACTICE
942 _n0
948 _c04/03/1997
999 _c25432
_d25432